| 000 | 00818cam a2200253 a 4500 | ||
|---|---|---|---|
| 001 | 15403497 | ||
| 005 | 20130821135735.0 | ||
| 008 | 080807s2011maua |rb 001 0deng d | ||
| 010 | _a 2008035138 | ||
| 020 | _a0071086315 | ||
| 020 | _a9780071086318 | ||
| 082 | 0 | 0 |
_a657.96 _222 _bDOU |
| 100 | 1 |
_aDoupnik, Timothy S. _922502 |
|
| 245 | 1 | 0 |
_aInternational Accounting / _cTimothy Doupnik, Hector Perera. |
| 250 | _a3rd ed. | ||
| 260 |
_aBoston ; _aLondon : _bMcGraw-Hill Irwin, _c2009. |
||
| 300 |
_axviii, 793 p. : _bill. ; _c26 cm. |
||
| 504 | _aIncludes bibliographical references: p.770-772 and index. | ||
| 541 | _aBaccah ; | ||
| 650 | 0 |
_aInternational business enterprises _xAccounting. _922503 |
|
| 653 |
_bEco _cApril2012 |
||
| 700 | 1 |
_aPerera, Hector _eAuthor _922504 |
|
| 942 |
_2ddc _cBB |
||
| 999 |
_c16646 _d16646 |
||